Answers Contain "Fool" - Statistics

General Stats
  • This quiz has been taken 31 times
  • The average score is 9 of 22
Answer Stats
Hint Answer % Correct
Pyrite, the shiny mineral that can trick amateur prospectors fool's gold
90%
“...shame on you.” "Fool me once,"
81%
"...shame on me." "Fool me twice,"
81%
Prank-filled annual holiday April Fools' Day
77%
So simple or reliable that even a novice should not mess it up foolproof
74%
Recklessly bold to the point of stupidity foolhardy
58%
A pointless task, often assigned as a prank fool's errand
52%
1967 Beatles song from Magical Mystery Tour The Fool on the Hill
42%
A happy state built on illusion or ignorance fool's paradise
35%
1956 Frankie Lymon & the Teenagers song covered by Diana Ross in 1981 Why Do Fools Fall in Love
35%
1940 standard covered by Frank Sinatra or 1997 Matthew Perry rom-com Fools Rush In
32%
1978 Doobie Brothers hit written by Michael McDonald and Kenny Loggins What a Fool Believes
29%
1994 Paul Newman film, 1986 Cinderella song, or 2002 Avril Lavigne song Nobody's Fool
26%
1962 novel with 1965 film (Phrase for a misguided group...from Plato) {Ship} of Fools
26%
1971 rock anthem by the Who, with distinctive staccato keyboard Won't Get Fooled Again
26%
1982 John Mellencamp album with “Jack & Diane” and “Hurts So Good” American Fool
23%
1967 Aretha Franklin signature hit written by Don Covay Chain of Fools
23%
What Gandalf says to urge his companions to flee Moria "Fly, you fools!"
19%
1979 Led Zeppelin song with an unusual samba feel Fool in the Rain
19%
1972 soul hit by the Main Ingredient {Everybody} {Plays} the Fool
16%
2011 series in which magicians try to deceive Penn & Teller Penn & Teller: Fool Us
13%
German band best known for the 1995 hit “Lemon Tree” Fools {Garden}
10%
No matching quizzes found
Score Distribution
Percent of People with Each Score
Percentile by Number Answered
Your Score History
You have not taken this quiz